Snakes and ladders (Record no. 70239)
[ view plain ]
| 000 -LEADER | |
|---|---|
| fixed length control field | 00924cam a2200241 4500 |
| 001 - CONTROL NUMBER | |
| control field | ABS65555 |
| 008 - FIXED-LENGTH DATA ELEMENTS--GENERAL INFORMATION | |
| fixed length control field | 020513n2002 000 0 eng u |
| 035 ## - SYSTEM CONTROL NUMBER | |
| System control number | (Sirsi) u117937 |
| 100 ## - MAIN ENTRY--PERSONAL NAME | |
| Personal name | Madine, V. |
| 245 ## - TITLE STATEMENT | |
| Title | Snakes and ladders |
| 260 ## - PUBLICATION, DISTRIBUTION, ETC. | |
| Date of publication, distribution, etc. | 2002 |
| 490 ## - SERIES STATEMENT | |
| Series statement | Building |
| Volume/sequential designation | 267(8231) 26 April 2002, 48-52(5) |
| 520 ## - SUMMARY, ETC. | |
| Summary, etc. | Outlines the latest Hays Montrose/"Building" consultants' salary guide which reveals that while architects are sliding down the salary stakes, surveyors and engineers are still climbing. Tables. A full copy of the salary survey will be available on the "Building" website www.building.co.uk and the Hays Montrose site www.haysworks.com |
| 590 ## - LOCAL NOTE (RLIN) | |
| Local note | ABS |
| 650 ## - SUBJECT ADDED ENTRY--TOPICAL TERM | |
| Topical term or geographic name entry element | SALARY SURVEYS |
| 650 ## - SUBJECT ADDED ENTRY--TOPICAL TERM | |
| Topical term or geographic name entry element | SALARIES |
| 650 ## - SUBJECT ADDED ENTRY--TOPICAL TERM | |
| Topical term or geographic name entry element | ARCHITECTS |
| 650 ## - SUBJECT ADDED ENTRY--TOPICAL TERM | |
| Topical term or geographic name entry element | SURVEYORS |
| 650 ## - SUBJECT ADDED ENTRY--TOPICAL TERM | |
| Topical term or geographic name entry element | ENGINEERS |
| 690 ## - LOCAL SUBJECT ADDED ENTRY--TOPICAL TERM (OCLC, RLIN) | |
| Topical term or geographic name as entry element | MANAGEMENT-BUSINESS MANAGEMENT-PROFESSIONAL PRACTICE |
| 700 ## - ADDED ENTRY--PERSONAL NAME | |
| Personal name | Raven, D. |
| 942 ## - ADDED ENTRY ELEMENTS (KOHA) | |
| Suppress in OPAC | 0 |
| Withdrawn status | Lost status | Source of classification or shelving scheme | Damaged status | Not for loan | Home library | Current library | Shelving location | Date acquired | Total Checkouts | Full call number | Barcode | Date last seen | Copy number | Price effective from | Koha item type |
|---|---|---|---|---|---|---|---|---|---|---|---|---|---|---|---|
| Dewey Decimal Classification | London | London | Journal article | 13/05/2002 | ABS65555 | 117937-1001 | 06/08/2019 | 1 | 06/08/2019 | Journal article |